Every Pantera Song - Statistics

General Stats
  • This quiz has been taken 23 times
  • The average score is 27 of 109
Answer Stats
Release Song % Correct
Cowboys from Hell Cowboys from Hell
94%
Cemetery Gates
83%
Dom/Hollow
78%
Domination/Hollow
78%
Domination
72%
The Great Southern Trendkill The Great Southern Trendkill
67%
This Love
67%
Walk
67%
5 Minutes Alone
61%
Hollow
61%
Shattered
61%
A New Level
56%
Floods
56%
I’m Broken
56%
Primal Concrete Sledge
56%
Rise
56%
Becoming
50%
Psycho Holiday
50%
Slaughtered
50%
The Art of Shredding
50%
10’s
44%
Heresy
44%
Medicine Man
44%
No Good (Attack the Radical)
44%
Piss
44%
The Sleep
44%
Vulgar Display of Power Mouth for War
39%
25 Years
33%
Drag the Waters
33%
Message in Blood
33%
Planet Caravan
33%
Throes of Rejection
33%
Use My Third Arm
33%
By Demons Be Driven
28%
Clash with Reality
28%
Goddamn Electric
28%
Reinventing the Steel Hellbound
28%
Metal Magic
28%
Revolution is My Name
28%
Shedding Skin
28%
Far Beyond Driven Strength Beyond Strength
28%
The Underground in America
28%
Yesterday Don’t Mean S***
28%
Good Friends and a Bottle of Pills
22%
Hard Lines, Sunken Cheeks
22%
Live in a Hole
22%
Projects in the Jungle
22%
Regular People (Conceit)
22%
(Reprise) Sandblasted Skin
22%
War Nerve
22%
Electric Funeral
17%
F***ing Hostile
17%
I Am the Night
17%
Living Through Me (Hells’ Wrath)
17%
Power Metal
17%
13 Steps to Nowhere
11%
Cat Scratch Fever
11%
Death Rattle
11%
other released songs Hole in the Sky
11%
I’ll Cast a Shadow
11%
It Makes Them Disappear
11%
Metal Magic Ride My Rocket
11%
Projects in the Jungle All Over Tonight
6%
Avoid the Light
6%
Biggest Part of Me
6%
Blue Light Turnin’ Red
6%
Burnnn!
6%
Come-On Eyes
6%
Daughters of the Queen
6%
Death Trap
6%
D*G*T*T*M
6%
Down Below
6%
Forever Tonight
6%
Hard Ride
6%
Heavy Metal Rules!
6%
I Am the Night Hot and Heavy
6%
I’ll Be Alright
6%
Immortally Insane
6%
In Over My Head
6%
Killers
6%
Latest Lover
6%
Like Fire
6%
Nothin’ On (But the Radio)
6%
Only a Heartbeat Away
6%
Onward We Rock!
6%
Out for Blood
6%
Over and Out
6%
Proud to Be Loud
6%
P*S*T* 88
6%
Right On the Edge
6%
Rock Out!
6%
Power Metal Rock the World
6%
Sad Lover
6%
Takin’ My Life
6%
Tell Me if You Want It
6%
The Badge
6%
The Will to Survive
6%
Valhalla
6%
We’ll Grind That Axe For a Long Time
6%
We’ll Meet Again
6%
Where You Come From
6%
Widowmaker
6%
You’ve Got to Belong to It
6%
I Can’t Hide
0%
Suicide Note Pt. I
0%
Suicide Note Pt. II
0%
Uplife
0%
No matching quizzes found
Score Distribution
Percent of People with Each Score
Percentile by Number Answered
Your Score History
You have not taken this quiz